| 000 | 00528nam a2200193 a 4500 | ||
|---|---|---|---|
| 001 | 5469 | ||
| 005 | 20180713185328.0 | ||
| 008 | 140415s1984 mx 000 0 spa d | ||
| 041 | _aspa | ||
| 082 |
_a346 _bBEJ |
||
| 100 | 1 | _aBEJARANO SANCHEZ, MANUEL | |
| 245 | 1 | 0 | _aOBLIGACIONES CIVILES |
| 250 | _a3a ed. | ||
| 260 |
_aMEXICO : _bHARLA, _c1984 |
||
| 300 | _a621 | ||
| 490 | _aTEXTOS JURIDICOS UNIVERSITARIOS | ||
| 650 | 1 | 4 |
_aDERECHO CIVIL _xOBLIGACIONES (DERECHO) |
| 700 | 1 |
_aNORIEGA CANTU, ALFONSO _eprĂ³l. |
|
| 999 |
_c5469 _d5469 |
||